000 00227nam a22000857a 4500
008 170119b xxu||||| |||| 00| 0 eng d
100 _92488
_aButterfied.J.
245 _aOxford A-Z of English Ussage
260 _aNew Delhi
_bOxford
_c2011
999 _c5554
_d5554